Normal view
MARC view
- United States Arms Control & Disarmament Agency
Entry Personal Name
001 - CONTROL NUMBER
- control field: 54589
003 - CONTROL NUMBER IDENTIFIER
- control field: NUST
005 - DATE AND TIME OF LATEST TRANSACTION
- control field: 20210421120009.0
008 - FIXED-LENGTH DATA ELEMENTS
- fixed length control field: 210421|| aca||aabn | a|a d
040 ## - CATALOGING SOURCE
- Original cataloging agency: NUST
- Transcribing agency: NUST
100 ## - HEADING--PERSONAL NAME
- Personal name: United States Arms Control & Disarmament Agency
670 ## - SOURCE DATA FOUND
- Source citation: Work cat.: (NUST): United States Arms Control & Disarmament Agency, Threat Control Through Arms Control Annual Report to Congress
